000 00467nam a2200181Ia 4500
008 151202s9999||||xx |||||||||||||| ||und||
082 _bPNVM-5379
100 _aCADELL (T.) PUB.
245 _aHINTS FOR A YOUNG PRINCESS.
260 _b"T.CADELL, LONDON."
260 _c1805
300 _a330
600 _aCADELL (T.) PUB.
630 _aHINTS FOR A YOUNG PRINCESS.
700 _aCADELL (T.) PUB.
730 _aHINTS FOR A YOUNG PRINCESS.
942 _cBOOK
999 _c1271373
_d1271370